[Event "Quebec op"]
[Site "Montreal CAN"]
[Date "1995.??.??"]
[Round "2"]
[White "Schleifer, Michael"]
[Black "Gladu, Pierre"]
[Result "0-1"]
[WhiteElo "2260"]
[BlackElo "2136"]
[PlyCount "76"]
[EventDate "1995.07.26"]
[EventType "swiss"]
[EventRounds "9"]
[EventCountry "CAN"]
[Source "ChessBase"]
[SourceDate "1998.11.10"]

1. d4 Nf6 2. c4 g6 3. Nc3 Bg7 4. g3 O-O 5. Bg2 d6 6. Nf3 Nbd7 7. O-O e5 8. e4
exd4 9. Nxd4 Re8 10. f3 c6 11. Kh1 d5 12. cxd5 cxd5 13. exd5 Nb6 14. d6 a6 15.
Qb3 Qxd6 16. Rd1 Qc5 17. Bf4 Nbd5 18. Nxd5 Qxd5 19. Bc7 Qxb3 20. Nxb3 Be6 21.
Bb6 Nd5 22. Bd4 Bxd4 23. Nxd4 Ne3 24. Rd2 Rad8 25. b3 Rd7 26. Kg1 Nf5 27. Nxe6
Rxd2 28. Nc5 Ree2 29. Bf1 Rxh2 30. Ne4 Rxa2 31. Rxa2 Rxa2 32. Bc4 b5 33. Bd5 a5
34. Ng5 Nd6 35. f4 Rd2 36. Bc6 Rd3 37. b4 axb4 38. Kf2 b3 0-1

[Event "Quebec op"]
[Site "Montreal CAN"]
[Date "1995.??.??"]
[Round "5"]
[White "Moisan-Plante, Marc-Olivier"]
[Black "Schleifer, Michael"]
[Result "0-1"]
[WhiteElo "2121"]
[BlackElo "2260"]
[PlyCount "60"]
[EventDate "1995.07.26"]
[EventType "swiss"]
[EventRounds "9"]
[EventCountry "CAN"]
[Source "ChessBase"]
[SourceDate "1998.11.10"]

1. e4 e5 2. Nf3 Nc6 3. Nc3 Nf6 4. d4 exd4 5. Nxd4 d6 6. Be2 Be7 7. O-O O-O 8.
Be3 Re8 9. f4 Bf8 10. Bf3 Bd7 11. Qe2 a6 12. Rae1 Na7 13. g4 Nb5 14. Ncxb5 axb5
15. Qg2 c5 16. Nb3 Ra4 17. Nc1 Bc6 18. b3 Raxe4 19. Bxe4 Nxe4 20. c4 bxc4 21.
bxc4 Qh4 22. Bf2 Qd8 23. Bg3 Ng5 24. Rxe8 Qxe8 25. Re1 Qc8 26. Qe2 Nf3+ 27. Kf1
Qxg4 28. Kf2 h5 29. h3 Qxh3 30. Qf1 Qg4 0-1

[Event "Quebec op"]
[Site "Montreal CAN"]
[Date "1995.??.??"]
[Round "6"]
[White "Schleifer, Michael"]
[Black "Taylor, Gordon"]
[Result "0-1"]
[WhiteElo "2260"]
[BlackElo "2320"]
[PlyCount "74"]
[EventDate "1995.07.26"]
[EventType "swiss"]
[EventRounds "9"]
[EventCountry "CAN"]
[Source "ChessBase"]
[SourceDate "1998.11.10"]

1. d4 Nf6 2. c4 e6 3. Nf3 d5 4. Nc3 c5 5. cxd5 Nxd5 6. e4 Nxc3 7. bxc3 cxd4 8.
cxd4 Bb4+ 9. Bd2 Bxd2+ 10. Qxd2 O-O 11. Be2 b6 12. O-O Bb7 13. Qf4 Nc6 14. Rfd1
Qf6 15. Qg3 Rfd8 16. d5 exd5 17. e5 Qg6 18. Qxg6 hxg6 19. Bb5 Rac8 20. Bxc6
Bxc6 21. a4 Bd7 22. h3 Rc5 23. Rd4 Rdc8 24. Kh2 Be6 25. Rdd1 Ra5 26. Nd4 Rc4
27. f4 Raxa4 28. Rxa4 Rxa4 29. g4 Kf8 30. Rd3 Ke7 31. Kg3 a5 32. h4 Rc4 33. h5
gxh5 34. gxh5 a4 35. Kf3 a3 36. Nb5 a2 37. Ra3 Bd7 0-1

[Event "Quebec op"]
[Site "Montreal CAN"]
[Date "1995.??.??"]
[Round "7"]
[White "Mikanovic, Goran"]
[Black "Schleifer, Michael"]
[Result "0-1"]
[WhiteElo "2209"]
[BlackElo "2260"]
[PlyCount "86"]
[EventDate "1995.07.26"]
[EventType "swiss"]
[EventRounds "9"]
[EventCountry "CAN"]
[Source "ChessBase"]
[SourceDate "1998.11.10"]

1. d4 Nf6 2. c4 g6 3. Nc3 Bg7 4. e4 O-O 5. f3 d6 6. Be3 c6 7. Bd3 e5 8. d5 a6
9. Nge2 cxd5 10. cxd5 b5 11. O-O Nh5 12. Rc1 f5 13. exf5 gxf5 14. Qd2 Kh8 15.
a3 Nd7 16. Kh1 Rb8 17. b4 Nb6 18. Bg5 Qe8 19. Rfe1 Bd7 20. g4 fxg4 21. fxg4 Nf6
22. Bxf6 Rxf6 23. Qe3 Qf8 24. Qe4 Qg8 25. Rf1 Rxf1+ 26. Rxf1 Rc8 27. g5 Nc4 28.
Qh4 Nd2 29. Rf2 e4 30. Nxe4 Nxe4 31. Bxe4 Rc4 32. Nf4 Be8 33. Re2 Be5 34. Kg2
Bf7 35. Qg4 Qg7 36. h4 Bxf4 37. Qxf4 Bxd5 38. Qf3 Bg8 39. Bd5 Rxh4 40. Bxg8
Qxg5+ 41. Kf1 Rf4 42. Bd5 Rxf3+ 43. Bxf3 Qc1+ 0-1

[Event "Quebec op"]
[Site "Montreal CAN"]
[Date "1995.??.??"]
[Round "8"]
[White "Schleifer, Michael"]
[Black "Hrivnak, Vladimir"]
[Result "1-0"]
[WhiteElo "2260"]
[BlackElo "2248"]
[PlyCount "67"]
[EventDate "1995.07.26"]
[EventType "swiss"]
[EventRounds "9"]
[EventCountry "CAN"]
[Source "ChessBase"]
[SourceDate "1998.11.10"]

1. d4 d5 2. Nf3 Nf6 3. Bf4 c6 4. Nbd2 Bf5 5. e3 e6 6. h3 Bd6 7. Ne5 Qc7 8. Be2
Nbd7 9. Ndf3 Be4 10. Nxd7 Nxd7 11. Bxd6 Qxd6 12. O-O Bxf3 13. Bxf3 f5 14. Rc1
O-O 15. c4 Nf6 16. Qb3 Qd7 17. Qd3 a6 18. b4 h5 19. cxd5 exd5 20. a4 g5 21. Be2
g4 22. h4 Ne4 23. b5 axb5 24. axb5 g3 25. fxg3 Qd6 26. Rf3 Ra3 27. Qd1 Nxg3 28.
bxc6 bxc6 29. Bd3 Rf6 30. Ra1 Rxa1 31. Qxa1 Ne4 32. Qa5 f4 33. Bxe4 dxe4 34.
Rxf4 1-0

[Event "Quebec-ch"]
[Site "Montreal CAN"]
[Date "1995.06.21"]
[Round "1"]
[White "Gravel, Simon M"]
[Black "Schleifer, Michael"]
[Result "1/2-1/2"]
[WhiteElo "2276"]
[BlackElo "2329"]
[PlyCount "111"]
[EventDate "1995.06.25"]
[EventType "tourn"]
[EventRounds "9"]
[EventCountry "CAN"]

1. e4 c5 2. Nf3 d6 3. d4 Nf6 4. Nc3 cxd4 5. Nxd4 a6 6. Be3 e5 7. Nb3 Be6 8. Be2
Nbd7 9. O-O Be7 10. f4 exf4 11. Rxf4 O-O 12. Nd4 Ne5 13. Nf5 Bxf5 14. Rxf5 Rc8
15. Qd2 Nc4 16. Bxc4 Rxc4 17. Bd4 b5 18. a3 g6 19. Rf3 Ng4 20. Raf1 Bg5 21. Qd1
Ne5 22. Bxe5 dxe5 23. Rd3 Rd4 24. Nd5 Rxe4 25. Nf6+ Qxf6 26. Rxf6 Bxf6 27. Rd6
Be7 28. Qd3 Rc4 29. Rxa6 Rd8 30. Qe2 Bc5+ 31. Kf1 Rf4+ 32. Ke1 Bf2+ 33. Qxf2
Rxf2 34. Kxf2 Rd2+ 35. Kf3 Rxc2 36. b4 f5 37. Ra7 Ra2 38. h4 Rc2 39. g3 Rc3+
40. Kf2 e4 41. h5 gxh5 42. Ra5 h4 43. gxh4 Rf3+ 44. Ke2 f4 45. Rxb5 Rxa3 46.
Rg5+ Kh8 47. Rf5 f3+ 48. Kf2 Rb3 49. b5 Kg7 50. h5 Kh6 51. Re5 Rb2+ 52. Kf1 Rb4
53. Kf2 Kg7 54. Rf5 Rb2+ 55. Kf1 h6 56. Re5 1/2-1/2

[Event "Quebec-ch"]
[Site "Montreal CAN"]
[Date "1995.06.22"]
[Round "2"]
[White "Leveille, Francois"]
[Black "Schleifer, Michael"]
[Result "0-1"]
[WhiteElo "2339"]
[BlackElo "2329"]
[PlyCount "106"]
[EventDate "1995.06.25"]
[EventType "tourn"]
[EventRounds "9"]
[EventCountry "CAN"]

1. e4 g6 2. d4 Bg7 3. c4 d6 4. Nc3 Nc6 5. d5 Nb8 6. Be2 Nf6 7. Be3 O-O 8. g4 e6
9. g5 Nfd7 10. h4 exd5 11. cxd5 Qe7 12. f3 f5 13. gxf6 Nxf6 14. Qd2 Nh5 15.
O-O-O Be5 16. Bg5 Qg7 17. Bh6 Qxh6 18. Qxh6 Bf4+ 19. Qxf4 Nxf4 20. Bf1 a6 21.
Kd2 Nd7 22. Ke3 Ne5 23. b3 Bd7 24. Nce2 Nh5 25. Bh3 Bxh3 26. Rxh3 Rf7 27. Nd4
Nf4 28. Rh2 Re8 29. Kd2 c5 30. dxc6 bxc6 31. Nde2 Nxe2 32. Kxe2 Re6 33. Rh3 c5
34. Rc1 Nc6 35. Ke3 Ref6 36. Ne2 Rb7 37. Rc4 Nb4 38. Nc3 Re7 39. Kf2 Re5 40.
Kg2 Rf7 41. Kg3 g5 42. a3 Nc6 43. hxg5 Rxg5+ 44. Kf2 Rfg7 45. Rh2 Ne5 46. Ra4
Rg3 47. Nd1 Nxf3 48. Rh1 Nd4 49. Ke1 Rg2 50. Nf2 Rf7 51. Nh3 Ra2 52. Rg1+ Kf8
53. Rg3 Re2+ 0-1

[Event "Quebec-ch"]
[Site "Montreal CAN"]
[Date "1995.06.23"]
[Round "3"]
[White "Schleifer, Michael"]
[Black "Latendresse, Simon"]
[Result "1-0"]
[WhiteElo "2329"]
[BlackElo "2036"]
[PlyCount "31"]
[EventDate "1995.06.25"]
[EventType "tourn"]
[EventRounds "9"]
[EventCountry "CAN"]

1. d4 Nf6 2. c4 g6 3. Nc3 Bg7 4. Bg5 O-O 5. e3 d6 6. Be2 e5 7. dxe5 dxe5 8.
Qxd8 Rxd8 9. Bxf6 Bxf6 10. Nd5 Rxd5 11. cxd5 e4 12. O-O-O c6 13. Bc4 b5 14. Bb3
a5 15. dxc6 Nxc6 16. Rd6 1-0

[Event "Quebec-ch"]
[Site "Montreal CAN"]
[Date "1995.06.27"]
[Round "5"]
[White "Schleifer, Michael"]
[Black "Linskiy, Oleg"]
[Result "1-0"]
[WhiteElo "2329"]
[BlackElo "2356"]
[PlyCount "107"]
[EventDate "1995.06.25"]
[EventType "tourn"]
[EventRounds "9"]
[EventCountry "CAN"]

1. d4 d5 2. Bf4 Nf6 3. e3 g6 4. Be2 Bg7 5. h3 O-O 6. Nf3 c5 7. c3 b6 8. O-O Bb7
9. Nbd2 Nc6 10. Ne5 e6 11. Bg5 Qc7 12. f4 Ne4 13. Nxe4 dxe4 14. Nxc6 Bxc6 15.
Qb3 cxd4 16. exd4 Bd5 17. Qd1 f6 18. Bh4 Rf7 19. Qd2 Qb7 20. Qe3 b5 21. Be1
Raf8 22. Bd2 Rc8 23. a4 bxa4 24. Rxa4 Qd7 25. Rfa1 f5 26. Qf2 Rb8 27. b4 Bc6
28. Ra6 Rb7 29. Be3 Qc7 30. R1a5 Bf8 31. Qf1 Bd5 32. Ra3 g5 33. c4 Bc6 34. b5
Bxa3 35. Rxc6 Qd7 36. c5 Rf8 37. Ra6 Bb2 38. c6 Qd8 39. cxb7 Bxd4 40. Bxd4
Qxd4+ 41. Kh1 Rb8 42. fxg5 Rxb7 43. Rxe6 Rc7 44. Rc6 Rxc6 45. bxc6 Qc5 46. Bc4+
Kf8 47. Be6 e3 48. Bxf5 e2 49. Qxe2 Qxf5 50. c7 Qc8 51. Qe5 Kg8 52. Qd5+ Kg7
53. Qd4+ Kf7 54. Qd8 1-0

[Event "Quebec-ch"]
[Site "Montreal CAN"]
[Date "1995.06.28"]
[Round "6"]
[White "Ross, Dave"]
[Black "Schleifer, Michael"]
[Result "0-1"]
[WhiteElo "2364"]
[BlackElo "2329"]
[PlyCount "82"]
[EventDate "1995.06.25"]
[EventType "tourn"]
[EventRounds "9"]
[EventCountry "CAN"]

1. Nf3 Nf6 2. c4 b6 3. g3 Bb7 4. Bg2 g6 5. O-O c5 6. b3 Bg7 7. Bb2 O-O 8. d4
cxd4 9. Qxd4 d6 10. Rd1 Nbd7 11. Qh4 h6 12. Nc3 Rc8 13. Qf4 a6 14. Ne1 Bxg2 15.
Nxg2 Rc5 16. e4 Qa8 17. Rab1 b5 18. Nd5 Nxd5 19. exd5 bxc4 20. bxc4 Qc8 21. Ne3
Bxb2 22. Rxb2 Kg7 23. Qd4+ Kh7 24. f4 Ra5 25. Rf2 Qc5 26. Qe4 Nf6 27. Qxe7 Kg7
28. Rd3 Re8 29. Qxe8 Nxe8 30. f5 Ra3 31. fxg6 fxg6 32. Rxa3 Qxa3 33. Re2 Qc5
34. Kg2 Nf6 35. g4 Qd4 36. h3 Qd3 37. Kf3 Nd7 38. h4 Nf6 39. Kf2 Ne4+ 40. Kf3
Nd2+ 41. Kf2 Nxc4 0-1

[Event "Quebec-ch"]
[Site "Montreal CAN"]
[Date "1995.06.29"]
[Round "7"]
[White "Schleifer, Michael"]
[Black "Levtchouk, George"]
[Result "0-1"]
[WhiteElo "2329"]
[BlackElo "2308"]
[PlyCount "168"]
[EventDate "1995.06.25"]
[EventType "tourn"]
[EventRounds "9"]
[EventCountry "CAN"]

1. d4 g6 2. g3 Bg7 3. Bg2 d6 4. e4 Nc6 5. Ne2 e5 6. d5 Nce7 7. c4 f5 8. Nbc3
Nf6 9. f3 O-O 10. Be3 fxe4 11. Nxe4 Nf5 12. Bf2 Nxe4 13. fxe4 Nh6 14. h3 Bd7
15. Be3 Nf7 16. Qd2 Bf6 17. h4 Bg4 18. O-O-O Qd7 19. Rdf1 Bg7 20. Kb1 c5 21.
dxc6 bxc6 22. Nc3 Rab8 23. Rf2 Nd8 24. Rxf8+ Bxf8 25. Rc1 Ne6 26. Bf1 Nd4 27.
Bd3 Bg7 28. c5 Be6 29. Bxd4 exd4 30. Na4 d5 31. exd5 Qxd5 32. Bc4 Qe4+ 33. Bd3
Qf3 34. Ka1 Bd5 35. Rg1 Re8 36. b3 Re3 37. Nb2 Be4 38. Bc4+ Bd5 39. Bd3 Qf8 40.
Qc2 Rf3 41. h5 Rf2 42. Qb1 Qxc5 43. hxg6 hxg6 44. Qe1 Qf8 45. Nc4 Rf3 46. Qe2
Re3 47. Qd1 Qf2 48. Rf1 Qxg3 49. Nb2 Qg5 50. a4 Qe7 51. Nc4 Qb4 52. Ka2 Rg3 53.
Rf2 Qc3 54. Nb2 Re3 55. Rd2 Qb4 56. Bc4 Bxc4 57. Nxc4 Re6 58. Qg4 Qe7 59. Nb2
Qf6 60. Nd3 Qf5 61. Qg3 Re3 62. Qb8+ Bf8 63. Rf2 Rf3 64. Rxf3 Qxf3 65. Ne5 Qe2+
66. Kb1 d3 67. Qe8 Qc2+ 68. Ka1 Qc1+ 69. Ka2 Qa3+ 70. Kb1 Qxb3+ 71. Ka1 Qxa4+
72. Kb1 Qb3+ 73. Ka1 Qd1+ 74. Ka2 Qe2+ 75. Kb1 Qf1+ 76. Kb2 Qf6 77. Kb3 c5 78.
Nxd3 Qf7+ 79. Qxf7+ Kxf7 80. Ne5+ Kg7 81. Nc6 a6 82. Nb8 Bd6 83. Nxa6 Kf6 84.
Kc4 Ke6 0-1

[Event "Quebec-ch"]
[Site "Montreal CAN"]
[Date "1995.06.30"]
[Round "8"]
[White "O'Donnell, Tom"]
[Black "Schleifer, Michael"]
[Result "1/2-1/2"]
[WhiteElo "2382"]
[BlackElo "2329"]
[PlyCount "45"]
[EventDate "1995.06.25"]
[EventType "tourn"]
[EventRounds "9"]
[EventCountry "CAN"]

1. e4 c5 2. c3 d6 3. d4 cxd4 4. cxd4 Nf6 5. Nc3 g6 6. h3 Bg7 7. Nf3 O-O 8. Be3
a6 9. Bd3 b5 10. a3 Bb7 11. O-O Nc6 12. b4 Nd7 13. Qd2 Re8 14. d5 Nce5 15. Nxe5
Nxe5 16. Rac1 Rc8 17. Ne2 e6 18. dxe6 fxe6 19. Rxc8 Qxc8 20. Rc1 Qd8 21. f4 Nf7
22. Ng3 Qd7 23. Bb1 1/2-1/2

[Event "Eastern Ontario op"]
[Site "Ottawa CAN"]
[Date "1995.06.10"]
[Round "2"]
[White "Pacey, Kevin"]
[Black "Schleifer, Michael"]
[Result "0-1"]
[WhiteElo "2304"]
[BlackElo "2412"]
[PlyCount "96"]
[EventDate "1995.06.09"]
[EventType "swiss"]
[EventRounds "5"]
[EventCountry "CAN"]

1. e4 e6 2. d4 c5 3. Nf3 cxd4 4. Nxd4 Nf6 5. Nc3 Bb4 6. e5 Nd5 7. Qg4 g6 8. Bd2
Nxc3 9. bxc3 Be7 10. Bd3 a6 11. O-O d6 12. f4 Qc7 13. Rae1 Nc6 14. Nxc6 Qxc6
15. c4 Bd7 16. exd6 Qxd6 17. Bc3 Rg8 18. f5 exf5 19. Bxf5 O-O-O 20. Bxd7+ Qxd7
21. Qf3 Bc5+ 22. Kh1 f5 23. Ba5 Rde8 24. Qd5 Qxd5 25. cxd5 b5 26. h3 Kd7 27. g4
Rxe1 28. Bxe1 Rf8 29. gxf5 gxf5 30. Bg3 Be3 31. Be5 f4 32. Kg2 Rf5 33. Bb8 Rxd5
34. Bxf4 Rd2+ 35. Kf3 Bxf4 36. Kxf4 Rxc2 37. Ra1 Kc6 38. Kg5 b4 39. h4 Kb5 40.
h5 Ka4 41. Kh6 Rh2 42. Rg1 Rxa2 43. Kxh7 Rh2 44. h6 b3 45. Ra1+ Kb5 46. Ra3 Rh3
47. Kg7 a5 48. h7 Kb4 0-1

[Event "Toronto Class ch"]
[Site "Toronto CAN"]
[Date "1995.??.??"]
[Round "5"]
[White "Schleifer, Michael"]
[Black "Milicevic, Goran"]
[Result "1-0"]
[WhiteElo "2405"]
[BlackElo "2375"]
[PlyCount "49"]
[EventDate "1995.03.10"]
[EventType "swiss"]
[EventRounds "5"]
[EventCountry "CAN"]

1. d4 Nf6 2. c4 c6 3. Nc3 d5 4. Nf3 dxc4 5. a4 Bf5 6. e3 e6 7. Bxc4 Nbd7 8. h3
Bd6 9. Nh4 Bg6 10. Nxg6 hxg6 11. a5 Qc7 12. f4 a6 13. O-O Rh5 14. e4 Bb4 15. e5
Nd5 16. Ne4 Bxa5 17. Nd6+ Kf8 18. g4 Rxh3 19. Kg2 Rh4 20. Rh1 Rxh1 21. Qxh1 Kg8
22. Ra3 Kf8 23. Qh8+ Ke7 24. Qxa8 Nb8 25. Qxb7 1-0

[Event "St-Jean op"]
[Site "St-Jean CAN"]
[Date "1994.11.06"]
[Round "3"]
[White "Schleifer, Michael"]
[Black "Filion, Charles"]
[Result "1-0"]
[WhiteElo "2310"]
[BlackElo "1966"]
[PlyCount "57"]
[EventDate "1994.11.05"]
[EventType "swiss"]
[EventRounds "4"]
[EventCountry "CAN"]

1. d4 Nf6 2. c4 e6 3. Nf3 b6 4. g3 Ba6 5. Qc2 c5 6. Bg2 Bb7 7. dxc5 bxc5 8. Nc3
Be7 9. O-O O-O 10. e4 Nc6 11. Rd1 e5 12. Nd5 d6 13. b3 Nxd5 14. cxd5 Nd4 15.
Nxd4 cxd4 16. Bd2 Rc8 17. Qd3 Qb6 18. a4 Ba6 19. Qb1 Be2 20. Re1 Qa6 21. b4 Bd3
22. Qb3 Bc2 23. Qa3 f5 24. exf5 Bxf5 25. b5 Qb7 26. Rac1 Rxc1 27. Rxc1 Bd7 28.
Ba5 Rc8 29. Rc6 1-0

[Event "Paul Keres mem. active"]
[Site "Toronto CAN"]
[Date "1994.10.23"]
[Round "?"]
[White "Schleifer, Michael"]
[Black "Day, Lawrence"]
[Result "1/2-1/2"]
[WhiteElo "2487"]
[BlackElo "2463"]
[PlyCount "64"]
[EventDate "1994.10.23"]
[EventType "swiss (rapid)"]
[EventRounds "6"]
[EventCountry "CAN"]
[SourceDate "2011.01.01"]

1. d4 Nf6 2. c4 d6 3. Nf3 h6 4. g3 c6 5. Bg2 Bf5 6. Nc3 Nbd7 7. O-O e6 8. Re1
d5 9. Nd2 Qb6 10. e4 Bg4 11. Qa4 Qxd4 12. cxd5 Qxa4 13. Nxa4 Ne5 14. h3 Bh5 15.
dxe6 fxe6 16. g4 Bf7 17. Nb3 Nd3 18. Rd1 O-O-O 19. Be3 e5 20. Bxa7 b5 21. Bb6
bxa4 22. Bxd8 Nxb2 23. Bxf6 gxf6 24. Rdb1 Ba3 25. Nd2 Rd8 26. Nf1 Nd3 27. Rb6
Rd6 28. Ne3 Bc5 29. Ra6 Nxf2 30. Kxf2 Rd2+ 31. Kf3 Bxe3 32. Kxe3 Rxg2 1/2-1/2

[Event "Thanksgiving op"]
[Site "Toronto CAN"]
[Date "1994.10.??"]
[Round "?"]
[White "Milicevic, Goran"]
[Black "Schleifer, Michael"]
[Result "1-0"]
[WhiteElo "2337"]
[BlackElo "2414"]
[PlyCount "171"]
[EventDate "1994.10.08"]
[EventType "swiss"]
[EventRounds "6"]
[EventCountry "CAN"]
[SourceDate "2011.01.01"]

1. d4 Nf6 2. Nf3 d5 3. c4 c6 4. cxd5 cxd5 5. Nc3 g6 6. Bf4 a6 7. e3 Bg7 8. h3
O-O 9. Bd3 Nc6 10. O-O Be6 11. Rc1 h6 12. Ne5 Rc8 13. Na4 Nxe5 14. Bxe5 Rxc1
15. Qxc1 Qa5 16. Nc5 Bc8 17. a3 Qd8 18. Qc3 g5 19. Bb1 Ne8 20. f4 Nd6 21. fxg5
hxg5 22. Qd3 f5 23. Ba2 e6 24. Bxg7 Kxg7 25. Qe2 Rh8 26. Bb1 a5 27. Qf2 b6 28.
Nb3 Nc4 29. Bd3 Qd6 30. Bxc4 dxc4 31. Nd2 Ba6 32. Nf3 Rh5 33. Ne5 Qd5 34. Rc1
b5 35. Qg3 Qe4 36. Nd7 f4 37. Nc5 fxg3 38. Nxe4 a4 39. Nxg3 Rh4 40. Kf2 Bb7 41.
Ne2 Rh8 42. Nc3 Rb8 43. Na2 Kg6 44. Kg3 e5 45. Rd1 exd4 46. exd4 Rd8 47. Nc3
Bc6 48. d5 Bd7 49. Kf2 Rb8 50. Na2 Rf8+ 51. Kg3 Re8 52. Rd2 Re3+ 53. Kf2 Re5
54. Nb4 Kf6 55. Rd4 Ke7 56. h4 Kd6 57. hxg5 Rf5+ 58. Kg3 Rxg5+ 59. Kf3 Rh5 60.
Rd2 Rh1 61. Na2 Bf5 62. Nc3 Kc5 63. Ne4+ Bxe4+ 64. Kxe4 Kd6 65. g4 Re1+ 66. Kf4
Rf1+ 67. Kg5 Rf3 68. Kh4 c3 69. bxc3 Rxc3 70. Ra2 Kxd5 71. g5 Rc1 72. g6 Rg1
73. Kh5 Kc4 74. Rb2 Rh1+ 75. Kg5 Rg1+ 76. Kf6 Rf1+ 77. Ke6 Re1+ 78. Kf7 Rf1+
79. Kg8 Rg1 80. g7 Rg3 81. Rb4+ Kc5 82. Kf7 Rf3+ 83. Kg6 Rg3+ 84. Kf6 Rg1 85.
Rf4 b4 86. Rxb4 1-0

[Event "Labour Day op"]
[Site "Toronto CAN"]
[Date "1994.09.??"]
[Round "?"]
[White "Gardner, Robert"]
[Black "Schleifer, Michael"]
[Result "0-1"]
[WhiteElo "2492"]
[BlackElo "2300"]
[PlyCount "103"]
[EventDate "1994.09.03"]
[EventType "swiss"]
[EventRounds "5"]
[EventCountry "CAN"]

1. e4 c5 2. Nf3 d6 3. d4 Nf6 4. Nc3 cxd4 5. Nxd4 a6 6. f4 Nc6 7. Nf3 Qa5 8. Bd3
g6 9. O-O Bg7 10. Qe1 O-O 11. Qh4 Qc5+ 12. Kh1 Qh5 13. Qxh5 Nxh5 14. Nd5 Bg4
15. c3 Nf6 16. Nb6 Rad8 17. h3 Bc8 18. Nxc8 Rxc8 19. g4 Na5 20. Rb1 Nc4 21. g5
Nd7 22. b3 Na5 23. c4 Nc5 24. Bc2 Nc6 25. a3 a5 26. Bb2 Bxb2 27. Rxb2 f6 28.
gxf6 Rxf6 29. f5 Nd7 30. Rg1 Nde5 31. Nxe5 Nxe5 32. a4 Kf8 33. fxg6 hxg6 34.
Rbb1 Ke8 35. Rbf1 Rxf1 36. Rxf1 Kd7 37. Kg2 Kc6 38. Re1 Rf8 39. Re3 Kc5 40. Rg3
Kb4 41. Re3 Ka3 42. Rg3 Kb2 43. Bd1 Kc1 44. Bg4 Kc2 45. Be6 b6 46. Bd5 Rf6 47.
Bb7 Rf4 48. Bd5 Kd2 49. Bb7 Rf6 50. Ba6 Rf8 51. Bb5 Nd3 52. Rxg6 0-1

[Event "Festival gourmands"]
[Site "Asbestos CAN"]
[Date "1994.08.27"]
[Round "2"]
[White "Leriche, Felix"]
[Black "Schleifer, Michael"]
[Result "0-1"]
[WhiteElo "2058"]
[BlackElo "2304"]
[PlyCount "98"]
[EventDate "1994.08.26"]
[EventType "swiss"]
[EventRounds "5"]
[EventCountry "CAN"]

1. e4 c5 2. Nf3 Nc6 3. d4 cxd4 4. Nxd4 Nf6 5. Nc3 Qb6 6. Nb3 e6 7. Be3 Qc7 8.
a3 a6 9. f4 d6 10. Qf3 Be7 11. g4 b5 12. g5 Nd7 13. Qf2 Bb7 14. Bg2 Rb8 15. O-O
Ba8 16. Nd4 Na5 17. Nde2 Nc4 18. Bc1 Qc5 19. b3 Qxf2+ 20. Kxf2 Ncb6 21. Be3 O-O
22. Kg3 Rfe8 23. Rfe1 Bf8 24. Rad1 Rbc8 25. Kf2 Rc7 26. f5 exf5 27. Bxb6 Nxb6
28. exf5 Re5 29. Bh3 g6 30. fxg6 hxg6 31. Rg1 Be7 32. Rg3 d5 33. Nd4 Bxa3 34.
Kf1 Bb4 35. Nce2 Bd6 36. Rg4 Bb7 37. Nf3 Re8 38. Ned4 Kg7 39. Rg2 Bb4 40. Re2
Rxe2 41. Kxe2 Nc8 42. Bg4 Nd6 43. h4 Ne4 44. Rg1 Re7 45. Kf1 Nd2+ 46. Kf2 Nxf3
47. Bxf3 Bc5 48. Rd1 Rc7 49. c3 Bb6 0-1

[Event "Festival gourmands"]
[Site "Asbestos CAN"]
[Date "1994.08.27"]
[Round "3"]
[White "Teuton, Frank"]
[Black "Schleifer, Michael"]
[Result "0-1"]
[WhiteElo "2083"]
[BlackElo "2304"]
[PlyCount "68"]
[EventDate "1994.08.26"]
[EventType "swiss"]
[EventRounds "5"]
[EventCountry "CAN"]

1. e4 e6 2. d4 d5 3. Nc3 Bb4 4. Nge2 dxe4 5. a3 Be7 6. Nxe4 Nf6 7. N2g3 O-O 8.
Be2 Nc6 9. c3 e5 10. Nxf6+ Bxf6 11. d5 Ne7 12. c4 Nf5 13. Nxf5 Bxf5 14. O-O e4
15. Bf4 Bxb2 16. Rb1 Bxa3 17. Rxb7 Bd6 18. Be3 Qe7 19. Qc1 Bc8 20. Rxa7 Rxa7
21. Bxa7 c5 22. Bb6 Qe5 23. g3 f5 24. Qa1 Qe7 25. Qa7 Bb7 26. Ra1 f4 27. Bg4 e3
28. Be6+ Kh8 29. Qa2 exf2+ 30. Qxf2 fxg3 31. Qe3 Qf6 32. Rd1 gxh2+ 33. Kg2 Qb2+
34. Rd2 Qc1 0-1

[Event "Festival gourmands"]
[Site "Asbestos CAN"]
[Date "1994.08.28"]
[Round "5"]
[White "Desforges, Jean"]
[Black "Schleifer, Michael"]
[Result "0-1"]
[WhiteElo "2081"]
[BlackElo "2304"]
[PlyCount "38"]
[EventDate "1994.08.26"]
[EventType "swiss"]
[EventRounds "5"]
[EventCountry "CAN"]

1. d4 Nf6 2. c4 g6 3. Nc3 Bg7 4. e4 d6 5. f3 O-O 6. Be3 Nc6 7. Qd2 e5 8. Nge2
a6 9. d5 Na5 10. Nc1 c5 11. b4 cxb4 12. Na4 b5 13. cxb5 axb5 14. Bxb5 Bd7 15.
Qxb4 Bxb5 16. Qxb5 Qc8 17. O-O Qc4 18. Qxc4 Nxc4 19. Bc5 Rxa4 0-1

[Event "Cafe En Passant-1"]
[Site "Montreal CAN"]
[Date "1994.08.21"]
[Round "1"]
[White "Schleifer, Michael"]
[Black "Filion, Charles"]
[Result "1-0"]
[WhiteElo "2315"]
[BlackElo "1714"]
[PlyCount "91"]
[EventDate "1994.08.21"]
[EventType "swiss (rapid)"]
[EventRounds "5"]
[EventCountry "CAN"]

1. d4 Nf6 2. c4 e6 3. Nc3 Bb4 4. Bg5 c5 5. e3 cxd4 6. Qxd4 h6 7. Bxf6 Qxf6 8.
Qxf6 gxf6 9. Rc1 Nc6 10. a3 Be7 11. g3 b6 12. Nf3 a6 13. Bg2 f5 14. Ke2 Bb7 15.
Rhd1 Rc8 16. Na4 b5 17. cxb5 axb5 18. Nc5 Bxc5 19. Rxc5 b4 20. axb4 Nxb4 21.
Rxc8+ Bxc8 22. Rd4 Nc6 23. Rh4 Ke7 24. Nd2 Ne5 25. Ra4 d6 26. f4 Ng6 27. Ra7+
Kf6 28. Bc6 e5 29. Nc4 Rd8 30. Nb6 Ne7 31. Bb7 Bxb7 32. Rxb7 Ke6 33. b4 Nc6 34.
b5 Na5 35. Ra7 Rb8 36. Na8 Nc4 37. Nc7+ Kf6 38. Kd3 Nb6 39. Ra6 Nd7 40. Rxd6+
Ke7 41. Rc6 Kd8 42. Kc4 exf4 43. exf4 Rb6 44. Nd5 Rxc6+ 45. bxc6 Nf8 46. Kb5
1-0

[Event "Cafe En Passant-1"]
[Site "Montreal CAN"]
[Date "1994.08.21"]
[Round "4"]
[White "Schleifer, Michael"]
[Black "Roberge, Francis"]
[Result "1-0"]
[WhiteElo "2309"]
[BlackElo "1429"]
[PlyCount "47"]
[EventDate "1994.08.21"]
[EventType "swiss (rapid)"]
[EventRounds "5"]
[EventCountry "CAN"]

1. e4 e6 2. d4 d5 3. Nc3 Bb4 4. Nge2 dxe4 5. a3 Be7 6. Ng3 c5 7. Be3 Nd7 8. Be2
Ngf6 9. Qd2 cxd4 10. Bxd4 b6 11. O-O-O O-O 12. Ngxe4 Bb7 13. f3 Rc8 14. Kb1 a6
15. Ng3 Qc7 16. Qg5 Bc5 17. Bxc5 Qxc5 18. Qxc5 Nxc5 19. Rd6 Rc6 20. Rhd1 Rxd6
21. Rxd6 Ncd7 22. Nh5 Rc8 23. Nxf6+ Nxf6 24. Rxb6 1-0

[Event "North Bay int."]
[Site "North Bay CAN"]
[Date "1994.??.??"]
[Round "?"]
[White "Kaptsan, Aron"]
[Black "Schleifer, Michael"]
[Result "0-1"]
[WhiteElo "2200"]
[BlackElo "2240"]
[PlyCount "82"]
[EventDate "1994.08.04"]
[EventType "swiss"]
[EventRounds "8"]
[EventCountry "CAN"]

1. d4 Nf6 2. Nf3 d6 3. g3 g6 4. Bg2 Bg7 5. O-O O-O 6. a4 Nc6 7. a5 a6 8. d5 Nb8
9. c4 Nbd7 10. Nc3 Nc5 11. Nd4 e5 12. dxe6 Nxe6 13. Nxe6 fxe6 14. e4 Nd7 15.
Be3 Ne5 16. Qe2 c5 17. Rfd1 Qc7 18. f4 Nc6 19. e5 dxe5 20. Bxc5 Nd4 21. Bxd4
exd4 22. Ne4 h6 23. c5 e5 24. fxe5 Qxe5 25. Rac1 Bd7 26. Qc4+ Be6 27. Qb4 Bd5
28. Re1 Qf5 29. Rf1 Qd7 30. Qb6 Bc6 31. Nd6 Bxg2 32. Kxg2 Qe6 33. Qxb7 Qe2+ 34.
Kh3 d3 35. Qb3+ Kh7 36. Qd1 Rxf1 37. Qxf1 Qh5+ 38. Kg2 d2 39. Rb1 Qxc5 40. Ne4
Qc2 41. Nf2 Rf8 0-1